01003cam a22003134a 450000100090000000300040000900500170001300800410003001000170007102000150008802000180010303500200012104000230014104200080016405000200017206000220019208200200021410000200023424500860025425000120034026000550035230000330040750400510044065000390049165000280053065000450055865000430060370000430064611963986OSt20150408114146.0000404s2001 njua b 001 0 eng c a 00038505  a0130104922 a9780130104922 a(DNLM)100941291 aDNLM/DLCcDLCdDLC apcc00aR856b.C33 200010aWB 26bC311i 200000a610.28221bCJI1 aCarr, Joseph J.10aIntroduction to biomedical equipment technology /cJoseph J. Carr, John M. Brown. a4th ed. aUpper Saddle River, N.J. :bPrentice Hall,cc2001. axv, 743 p. :bill. ;c25 cm. aIncludes bibliographical references and index. 0aMedical instruments and apparatus.12aEquipment and Supplies.22aBiomedical Engineeringxinstrumentation.22aElectronics, Medicalxinstrumentation.1 aBrown, John M.q(John Michael),d1944-